| 000 | 01409cam a22003974i 4500 | ||
|---|---|---|---|
| 003 | PE-LiUPU | ||
| 005 | 20250731183409.0 | ||
| 008 | 171204s2016 sp a r0 000 0 spa d | ||
| 020 | _a9788494474361 | ||
| 035 | _a(Sirsi) a240271 | ||
| 040 |
_aPE-LiUPU _bspa _cPE-LiUPU _erda |
||
| 049 | _aPRUA | ||
| 082 | 0 | 4 |
_a720.1 _bD67 _223 |
| 100 | 1 |
_aDíaz Camacho, Miguel Ángel, _eautor. |
|
| 245 | 1 | 0 |
_aPárrafos de arquitectura : _bcore[oh]grafías / _cMiguel Ángel Díaz Camacho. |
| 264 | 1 |
_aMadrid : _bEdiciones Asimétricas, _c2016. |
|
| 300 |
_a139 páginas : _bilustraciones ; _c22 centímetros. |
||
| 336 |
_atext _2rdacontent |
||
| 337 |
_aunmediated _2rdamedia |
||
| 338 |
_avolume _2rdacarrier |
||
| 490 | 0 | _aVentana impresa | |
| 505 | 0 | _aMirar es poseer -- Manufacturas -- Sistemas -- Transiciones. | |
| 526 | _aP158 | ||
| 526 | _aP146 | ||
| 526 | _aP17 | ||
| 526 | _aP12 | ||
| 526 | _aP06 | ||
| 526 | 8 |
_iPrograma académico : _5PE-LiUPU |
|
| 541 | _g003-1757; | ||
| 650 | 0 | 4 |
_aArquitectura. _94555 |
| 650 | 0 | 4 | _aArchitecture. |
| 910 |
_adbm _bksl _cksl _d20171204 |
||
| 596 | _a1 | ||
| 942 |
_2ddc _cBOOK |
||
| 999 |
_a720.1 D67 _wLC _c25937 _i77383 _f2021-11-9 _g4 _lCCODEBUL1 _mBUL _p20.16 _r0 _sY _tBOOK _u2017-12-4 _xINGENIERIA _PP06 _0COMPRA _o.STAFF. Colección Ingeniería y Arquitectura _d25937 |
||
| 980 |
_81 _gALBERTO SANCHEZ Responsable de Automatización |
||